| 000 | 00495nam a22002057a 4500 | ||
|---|---|---|---|
| 003 | OSt | ||
| 005 | 20241024113213.0 | ||
| 008 | 241024b |||||||| |||| 00| 0 eng d | ||
| 040 | _cMRSPTU | ||
| 041 | _aENG | ||
| 082 |
_a633 _bSI-F |
||
| 100 | _aSingh, Amarjit | ||
| 245 | _aField Problems of Vegetable Crops | ||
| 250 | _a4th Ed. | ||
| 260 |
_aLudhiana _bPAU _c2022 |
||
| 300 | _a235 | ||
| 650 | _aAgriculture | ||
| 700 | _aBhullar, Harpal Singh & Sharma, Samriti | ||
| 942 |
_2ddc _cBK _n0 |
||
| 999 |
_c10364 _d10364 |
||